Biostatistics: (Record no. 31007)

MARC details
000 -LEADER
fixed length control field 01074nam a22002897a 4500
005 - DATE AND TIME OF LATEST TRANSACTION
control field 2009102201131.0
008 - FIXED-LENGTH DATA ELEMENTS--GENERAL INFORMATION
fixed length control field 091022t xxu||||| |||| 00| 0 eng d
010 ## - LCCN (DPL NO)
LC control number ENG-95173
020 ## - INTERNATIONAL STANDARD BOOK NUMBER
International Standard Book Number 9780070151482
Terms of availability 350.00
020 ## - INTERNATIONAL STANDARD BOOK NUMBER
International Standard Book Number 0070151482
Terms of availability 350.00
035 ## - SYSTEM CONTROL NUMBER
System control number EN-78706
040 ## - CATALOGING SOURCE
Original cataloging agency DPL
082 ## - DEWEY DECIMAL CLASSIFICATION NUMBER
Classification number 570.15195
100 ## - MAIN ENTRY--PERSONAL NAME
Personal name Antonisamy, B.
245 ## - TITLE STATEMENT
Title Biostatistics:
Statement of responsibility, etc by B.Antonisamy, Solomon Christopher and P Prasanna Samuel
Remainder of title principles and practice /
260 ## - PUBLICATION, DISTRIBUTION, ETC. (IMPRINT)
Place of publication, distribution, etc New Delhi
Name of publisher, distributor, etc Tata McGraw-Hill Education
Date of publication, distribution, etc 2010
270 ## - ADDRESS
Address 7, West Patel Nagar
City New Delhi
Postal code 110008
300 ## - PHYSICAL DESCRIPTION
Extent xxii ,349p.
Dimensions 23cm (Pbk)
500 ## - GENERAL NOTE
General note Includes index
650 ## - SUBJECT ADDED ENTRY--TOPICAL TERM
Topical term or geographic name as entry element Biometry
650 ## - SUBJECT ADDED ENTRY--TOPICAL TERM
Topical term or geographic name as entry element Medical statistics
700 ## - ADDED ENTRY--PERSONAL NAME
Personal name Christopher, Solomon
700 ## - ADDED ENTRY--PERSONAL NAME
Personal name Samuel, P. Prasanna
942 ## - ADDED ENTRY ELEMENTS (KOHA)
Source of classification or shelving scheme Dewey Decimal Classification
Item type English Books
Call number suffix ANT
Classification part 570.15195
Holdings
Withdrawn status Lost status Source of classification or shelving scheme Damaged status Not for loan Collection code Home library Current library Date acquired Source of acquisition Cost, normal purchase price Total Checkouts Full call number Barcode Date last seen Copy number Cost, replacement price Koha item type
    Dewey Decimal Classification   Not For Loan Non-fiction D.B.Act.Division D.B.Act.Division 22/10/2009 DBAD / PUB 350.00   570.15195 ANT EN-78706 22/10/2009 1 350.00 English Books

© Delhi Public Library
Hit Counter
free hit counter